Städte am Atlantik - Sudden Death - Statistiken

Allgemein
  • Dieses Quiz wurde 370 mal gespielt
  • Das Durchschnittsergebnis liegt bei 5 aus 16
Answers on the Grid
Answers color-coded by a green-red scale on the quiz's grid according to % correct below.
Lissabon
Sevilla
Rio de Janeiro
Dakar
Santiago de Chile
New York
Bogota
Casablanca
Washington
Lagos
Ouagadougou
Boston
Galway
Yaunde
Braga
Lome
Luanda
Santander
Marrakesch
Belo Horizonte
Orlando
Guatemala-Stadt
Reykjavík
Glasgow
La Rochelle
Walvis Bay
Angers
Atlanta
Montevideo
Panama-Stadt
Ibadan
Conakry
 
Antwortstatistiken
Antwort % Korrekt
Lissabon
90%
New York
72%
Rio de Janeiro
65%
Boston
36%
Dakar
36%
Casablanca
29%
Reykjavík
27%
Lagos
23%
Montevideo
17%
Galway
13%
Luanda
13%
La Rochelle
12%
Lome
9%
Conakry
5%
Santander
5%
Walvis Bay
5%
Keine übereinstimmenden Quizze gefunden
Verteilung der Resultate
Anzahl Personen mit jedem Resultat
Perzentil nach korrekt beantworteten Fragen
Ihre Resultats-Entwicklung
Sie haben dieses Quiz noch nicht gespielt